Online katalóg knižníc regiónu Turca

Apartmán (Record no. 22195)

MARC details
000 -LEADER
fixed length control field 01797cam a2200529 a 4500
001 - CONTROL NUMBER
control field 22195
003 - CONTROL NUMBER IDENTIFIER
control field VRT
005 - DATE AND TIME OF LATEST TRANSACTION
control field 20260321130850.0
008 - FIXED-LENGTH DATA ELEMENTS--GENERAL INFORMATION
fixed length control field 240318s2017 xo g 000 f slo
015 ## - NATIONAL BIBLIOGRAPHY NUMBER
National bibliography number SNBA2018/01
020 ## - INTERNATIONAL STANDARD BOOK NUMBER
International Standard Book Number 9788055155258
Qualifying information (viaz.)
035 ## - SYSTEM CONTROL NUMBER
System control number urn:nbn:sk:snk-am00djxv
035 ## - SYSTEM CONTROL NUMBER
System control number urn:nbn:sk:snk-am3i4nn
035 ## - SYSTEM CONTROL NUMBER
System control number C3414ECA-C652-4910-BBDD-9E6614E7A8FB
039 #9 - LEVEL OF BIBLIOGRAPHIC CONTROL AND CODING DETAIL [OBSOLETE]
Level of rules in bibliographic description 202403182109
Level of effort used to assign nonsubject heading access points VLOAD
Level of effort used to assign subject headings 202208151216
Level of effort used to assign classification AUTHORITY
Level of effort used to assign subject headings 202208151200
Level of effort used to assign classification AUTHORITY
Level of effort used to assign subject headings 202006120934
Level of effort used to assign classification VLOAD
040 ## - CATALOGING SOURCE
Original cataloging agency POKPOH
Language of cataloging slo
Transcribing agency POKPOH
Modifying agency SNK
Description conventions AACR2
041 1# - LANGUAGE CODE
Language code of text/sound track or separate title slo
Language code of original eng
044 ## - COUNTRY OF PUBLISHING/PRODUCING ENTITY CODE
MARC country code xo
ISO country code SK
072 #7 - SUBJECT CATEGORY CODE
Subject category code 821.111(73)-3
Subject category code subdivision Americká próza
Source konspekt
080 ## - UNIVERSAL DECIMAL CLASSIFICATION NUMBER
Universal Decimal Classification number 821.111(73)-31
Edition identifier 2011
080 ## - UNIVERSAL DECIMAL CLASSIFICATION NUMBER
Universal Decimal Classification number (0:82-312.5)
Edition identifier 2011
100 1# - MAIN ENTRY--PERSONAL NAME
Personal name Steel, Danielle,
Dates associated with a name 1947-
Relationship aut
240 14 - UNIFORM TITLE
Uniform title The Apartment
Language of a work Slovensky
245 10 - TITLE STATEMENT
Title Apartmán
Statement of responsibility, etc. Danielle Steel ; preložila Zuzana Gašparovičová
260 ## - PUBLICATION, DISTRIBUTION, ETC.
Place of publication, distribution, etc. Bratislava
Name of publisher, distributor, etc. Ikar
Date of publication, distribution, etc. 2017
300 ## - PHYSICAL DESCRIPTION
Extent 303 s.
Dimensions 21 cm
500 ## - GENERAL NOTE
General note Preložené z anglického originálu
655 #7 - INDEX TERM--GENRE/FORM
Genre/form data or focus term americké romány
Source of term SNKPH
655 #7 - INDEX TERM--GENRE/FORM
Genre/form data or focus term ľúbostné romány
Source of term SNKPH
655 #7 - INDEX TERM--GENRE/FORM
Genre/form data or focus term American fiction
Source of term SNKPHeng
655 #7 - INDEX TERM--GENRE/FORM
Genre/form data or focus term Love novels
Source of term SNKPHeng
700 1# - ADDED ENTRY--PERSONAL NAME
Personal name Gašparovičová, Zuzana
Relationship trl
910 ## - USER-OPTION DATA (OCLC)
User-option data pokpoh
910 ## - USER-OPTION DATA (OCLC)
User-option data sllk
910 ## - USER-OPTION DATA (OCLC)
User-option data hevk
910 ## - USER-OPTION DATA (OCLC)
User-option data snk
910 ## - USER-OPTION DATA (OCLC)
User-option data bjkdg
910 ## - USER-OPTION DATA (OCLC)
User-option data vthk
942 ## - ADDED ENTRY ELEMENTS (KOHA)
Source of classification or shelving scheme Dewey Decimal Classification
Koha item type Krásna literatúra pre dospelých
Suppress in OPAC No
949 ## - LOCAL PROCESSING INFORMATION (OCLC)
6 270001000564004
a svkbbA 151808
b svkbbm 771056
949 ## - LOCAL PROCESSING INFORMATION (OCLC)
6 17A1272669
a snkSC 176341
b snk2017/21370
o 2050/17
s 6100:20180123
949 ## - LOCAL PROCESSING INFORMATION (OCLC)
6 273K0621850
a svkpoA 236059
b svkpo618324
949 ## - LOCAL PROCESSING INFORMATION (OCLC)
6 2889332009
a savukPV 24929
b savuk2017/4061
949 ## - LOCAL PROCESSING INFORMATION (OCLC)
6 17A1274651
a snkSC 176341 D1
b snk2017/25558
o 2050/17
949 ## - LOCAL PROCESSING INFORMATION (OCLC)
6 4710710395
a strmkB
b strmk2017/10395
Holdings
Stav vyradenia Strata Poškodenie Spôsob nadobudnutia Domovská knižnica Aktuálna knižnica Dátum nadobudnutia Cena Total checkouts Čiarový kód exemplára Date last seen Typ exemplára
      Kúpa Obecná knižnica Horná Štubňa Obecná knižnica Horná Štubňa 21.03.2026 11.90   9788055155258 21.03.2026 Krásna literatúra pre dospelých
Projekt je podporený Slovenskou asociáciou knižníc
Prevádzkuje Turčianska knižnica Martin 2026